[Event "BL 0405 SG Koeln Porz - SFR Neukoelln"]
[Site "?"]
[Date "2005.02.13"]
[Round "11.7"]
[White "Poldauf, Dirk"]
[Black "Gurevich, Mikhail"]
[Result "1/2-1/2"]
[WhiteElo "2418"]
[BlackElo "2644"]
[PlyCount "77"]
[EventDate "2005.??.??"]

1. c4 e5 2. Nc3 Nf6 3. Nf3 Nc6 4. e4 Bb4 5. d3 d6 6. g3 a6 7. Bg2 Bc5 8. h3 Rb8
9. Nd5 Nxd5 10. cxd5 Nd4 11. Be3 Nxf3+ 12. Qxf3 Bb4+ 13. Kf1 O-O 14. g4 c6 15.
dxc6 bxc6 16. h4 Be6 17. g5 Bc5 18. Bxc5 dxc5 19. b3 Qd4 20. Rd1 a5 21. h5 f5
22. Bh3 Qd7 23. g6 h6 24. Qe3 fxe4 25. Bxe6+ Qxe6 26. dxe4 c4 27. Rh3 cxb3 28.
axb3 Qg4 29. Rd3 a4 30. Rg3 Qxh5 31. Kg2 a3 32. Rd7 Qh4 33. Qa7 Qf6 34. Rf7 Ra8
35. Qb7 Rab8 36. Qa7 Ra8 37. Qb7 Rab8 38. Qa7 Ra8 39. Qb7 1/2-1/2

[Event "BL 0405"]
[Site "Mülheim Nord - Erfurter SK"]
[Date "2005.02.13"]
[Round "11.1"]
[White "Haba, Petr"]
[Black "Levin, Felix"]
[Result "1/2-1/2"]
[WhiteElo "2531"]
[BlackElo "2506"]
[PlyCount "71"]
[EventDate "2005.??.??"]

1. d4 Nf6 2. c4 e6 3. g3 c5 4. d5 exd5 5. cxd5 d6 6. Nc3 g6 7. Bg2 Bg7 8. Nf3
O-O 9. O-O a6 10. a4 Nbd7 11. Bf4 Qe7 12. Qd2 Nb6 13. b3 Bf5 14. a5 Nc8 15. Bh6
Ne4 16. Nxe4 Bxe4 17. Bxg7 Kxg7 18. b4 cxb4 19. Qxb4 Na7 20. Ra3 Bxf3 21. Re3
Qd7 22. Bxf3 Nb5 23. Bg4 Qc7 24. h4 h5 25. Bh3 Rae8 26. Qb2+ Kg8 27. Rc1 Qxa5
28. Rxe8 Rxe8 29. Bd7 Rf8 30. Bxb5 Qxb5 31. Qxb5 axb5 32. Rb1 Rc8 33. Rxb5 Rc5
34. Rxb7 Rxd5 35. Kg2 Kg7 36. Kf3 1/2-1/2

[Event "BL 0405"]
[Site "Mülheim Nord - Erfurter SK"]
[Date "2005.02.13"]
[Round "11.3"]
[White "Machelett, Heiko"]
[Black "Saltaev, Mihail"]
[Result "1/2-1/2"]
[WhiteElo "2401"]
[BlackElo "2497"]
[PlyCount "24"]
[EventDate "2005.??.??"]

1. d4 d5 2. c4 c6 3. Nf3 Nf6 4. Nc3 a6 5. cxd5 cxd5 6. Ne5 Nc6 7. Bf4 e6 8. e3
Bd7 9. Bd3 Be7 10. O-O O-O 11. Rc1 Rc8 12. h3 Be8 1/2-1/2

[Event "BL 0405"]
[Site "Mülheim Nord - Erfurter SK"]
[Date "2005.02.13"]
[Round "11.6"]
[White "Kern, Guido"]
[Black "Voekler, Bernd"]
[Result "1/2-1/2"]
[WhiteElo "2355"]
[BlackElo "2376"]
[PlyCount "28"]
[EventDate "2005.??.??"]

1. c4 c5 2. g3 g6 3. Bg2 Bg7 4. e3 Nf6 5. Nc3 d6 6. Nge2 h5 7. h3 Nc6 8. d4 Bd7
9. b3 Qc8 10. Bb2 O-O 11. Qd2 Rb8 12. h4 Re8 13. O-O Bh3 14. Nd5 Bxg2 1/2-1/2

[Event "BL 0405"]
[Site "Mülheim Nord - Erfurter SK"]
[Date "2005.02.13"]
[Round "11.7"]
[White "Enders, Peter"]
[Black "Sielecki, Christof"]
[Result "1/2-1/2"]
[WhiteElo "2456"]
[BlackElo "2375"]
[PlyCount "89"]
[EventDate "2005.??.??"]

1. b3 d5 2. Bb2 c6 3. Nf3 Nf6 4. g3 Bg4 5. Bg2 Nbd7 6. d3 e6 7. h3 Bxf3 8. Bxf3
Qa5+ 9. Qd2 Bb4 10. c3 Bd6 11. O-O O-O 12. c4 Qxd2 13. Nxd2 Be5 14. d4 Bd6 15.
Rfd1 a5 16. Rab1 Rfb8 17. Rdc1 a4 18. c5 Be7 19. b4 b5 20. Bg2 Re8 21. f3 g6
22. e4 Nh5 23. Nf1 f5 24. Re1 Ndf6 25. Bc1 dxe4 26. fxe4 Nxe4 27. Bxe4 fxe4 28.
Rxe4 Bd8 29. Bb2 Nf6 30. Re2 a3 31. Ba1 Nd5 32. Ne3 Bf6 33. Rb3 h5 34. Kf2 Kf7
35. Nxd5 exd5 36. Rxe8 Kxe8 37. Ke3 Bg5+ 38. Kd3 Kd7 39. Bc3 Rf8 40. Be1 Rf3+
41. Kc2 Rxb3 42. Kxb3 Bc1 43. Kc2 Be3 44. Kd3 Bc1 45. Bd2 1/2-1/2

[Event "BL 0405"]
[Site "Mülheim Nord - Erfurter SK"]
[Date "2005.02.13"]
[Round "11.8"]
[White "Kaid, Almar"]
[Black "Troyke, Christian"]
[Result "1/2-1/2"]
[WhiteElo "2275"]
[BlackElo "2334"]
[PlyCount "38"]
[EventDate "2005.??.??"]

1. Nf3 Nf6 2. g3 g6 3. b3 Bg7 4. Bb2 O-O 5. Bg2 d6 6. d4 Nbd7 7. O-O e5 8. dxe5
Ng4 9. Qd2 dxe5 10. h3 Nh6 11. Ng5 Nf5 12. Ne4 Nd4 13. f4 f5 14. Ng5 exf4 15.
Bxd4 Qxg5 16. Bxg7 Kxg7 17. Qc3+ Qf6 18. Rxf4 c6 19. e4 Qxc3 1/2-1/2

[Event "BL 0405"]
[Site "SF Katernberg - Werder Bremen"]
[Date "2005.02.13"]
[Round "11.3"]
[White "Efimenko, Zahar"]
[Black "Glek, Igor V"]
[Result "1-0"]
[WhiteElo "2572"]
[BlackElo "2578"]
[PlyCount "135"]
[EventDate "2005.??.??"]

1. e4 e6 2. d4 d5 3. Nc3 Nf6 4. e5 Nfd7 5. f4 c5 6. Nf3 Nc6 7. Be3 cxd4 8. Nxd4
Nxd4 9. Bxd4 Bc5 10. Qd2 Bxd4 11. Qxd4 Qb6 12. Qxb6 Nxb6 13. Nb5 Ke7 14. O-O-O
Bd7 15. Nd4 Na4 16. Bd3 Nc5 17. Kd2 Rag8 18. Rhf1 f5 19. g3 g5 20. Ke3 g4 21.
Rh1 h5 22. h3 a6 23. Rdg1 Na4 24. b3 Nc5 25. Rh2 gxh3 26. Rxh3 Rc8 27. Rh4 b5
28. Rgh1 Rhg8 29. Rxh5 Rxg3+ 30. Kf2 Rcg8 31. Rh7+ R8g7 32. Rxg7+ Rxg7 33. Nf3
Rg4 34. Rh7+ Kd8 35. Rh4 Rxh4 36. Nxh4 Nxd3+ 37. cxd3 b4 38. Nf3 a5 39. Kg3 Ke7
40. Nd4 Kf7 41. Kf3 Ke7 42. Ke3 Kd8 43. Nf3 Kc7 44. Ng5 Kc6 45. Kd4 Bc8 46. Nf7
Ba6 47. Nd6 Kb6 48. Ne8 Kc6 49. Nf6 Kb6 50. Nh5 Bb5 51. Ng3 Kc6 52. Ne2 Kb6 53.
Ke3 Kc5 54. Nd4 Bd7 55. Nc2 Be8 56. d4+ Kb5 57. Ne1 Kc6 58. Nd3 Kd7 59. Nc5+
Ke7 60. Kd2 Bc6 61. Kc2 Bd7 62. Kb2 Bc8 63. a3 bxa3+ 64. Kxa3 Kf7 65. Ka4 Kg6
66. Kxa5 Kh5 67. Kb6 Kg4 68. Kc7 1-0

[Event "BL 0405"]
[Site "SF Katernberg - Werder Bremen"]
[Date "2005.02.13"]
[Round "11.4"]
[White "Chuchelov, Vladimir"]
[Black "Babula, Vlastimil"]
[Result "1/2-1/2"]
[WhiteElo "2574"]
[BlackElo "2569"]
[PlyCount "53"]
[EventDate "2005.??.??"]

1. d4 Nf6 2. Nf3 e6 3. c4 b6 4. g3 Ba6 5. Qb3 c6 6. Bg5 Be7 7. Bxf6 Bxf6 8. e4
d6 9. Nc3 O-O 10. Rd1 Qc7 11. Bd3 c5 12. d5 Bb7 13. Qc2 exd5 14. Nxd5 Bxd5 15.
exd5 Re8+ 16. Kf1 g6 17. h4 Nd7 18. Kg2 Ne5 19. Nxe5 Rxe5 20. Qd2 Rae8 21. Qf4
Bg7 22. h5 Qd7 23. hxg6 hxg6 24. b3 R8e7 25. Qf3 Qe8 26. Rh4 Re1 27. Rxe1
1/2-1/2

[Event "BL 0405"]
[Site "SF Katernberg - Werder Bremen"]
[Date "2005.02.13"]
[Round "11.6"]
[White "Senff, Martin"]
[Black "Fish, Gennadij"]
[Result "1/2-1/2"]
[WhiteElo "2430"]
[BlackElo "2523"]
[PlyCount "64"]
[EventDate "2005.??.??"]

1. e4 c5 2. Nf3 e6 3. d4 cxd4 4. Nxd4 a6 5. Nc3 Qc7 6. Bd3 Nf6 7. f4 Nc6 8. Be3
Nxd4 9. Bxd4 Bc5 10. Bxc5 Qxc5 11. Qe2 d6 12. O-O-O e5 13. Nd5 Be6 14. Bc4 Bxd5
15. Bxd5 exf4 16. Rhf1 O-O 17. Rxf4 Nxd5 18. exd5 Rae8 19. Re4 Rxe4 20. Qxe4
Qf2 21. a4 Rc8 22. c3 b5 23. axb5 axb5 24. Rd2 Qf6 25. Kc2 g6 26. Kb3 Qf1 27.
Qb4 Rc5 28. Qd4 Rc4 29. Qb6 Rxc3+ 30. bxc3 Qb1+ 31. Rb2 Qd1+ 32. Ka2 Qa4+
1/2-1/2

[Event "BL 0405"]
[Site "SF Katernberg - Werder Bremen"]
[Date "2005.02.13"]
[Round "11.7"]
[White "Skripchenko-Lautier, Almira"]
[Black "Thesing, Matthias"]
[Result "1-0"]
[WhiteElo "2453"]
[BlackElo "2420"]
[PlyCount "65"]
[EventDate "2005.??.??"]

1. e4 e6 2. d4 d5 3. Nc3 Nc6 4. Nf3 Nf6 5. exd5 exd5 6. Bb5 Bb4 7. O-O O-O 8.
Bxc6 bxc6 9. Ne5 Bxc3 10. bxc3 Ne4 11. Qf3 Qd6 12. Re1 f6 13. Nc4 Qd7 14. Na5
Ba6 15. h3 Rfe8 16. Bf4 Re7 17. c4 Rae8 18. Qb3 g5 19. Be3 dxc4 20. Nxc4 Bxc4
21. Qxc4+ Qd5 22. Qb4 Nd6 23. Bd2 Kg7 24. Rxe7+ Rxe7 25. Be3 Kg6 26. Rc1 Qxa2
27. c4 Qe2 28. Qb1+ Kg7 29. d5 Nxc4 30. Bc5 Re5 31. Qb8 Nd2 32. Qf8+ Kg6 33.
Qg8+ 1-0

[Event "BL 0405"]
[Site "SF Katernberg - Werder Bremen"]
[Date "2005.02.13"]
[Round "11.8"]
[White "Souleidis, Georgios"]
[Black "Meins, Gerlef"]
[Result "1-0"]
[WhiteElo "2391"]
[BlackElo "2448"]
[PlyCount "75"]
[EventDate "2005.??.??"]

1. e4 c5 2. Nf3 Nc6 3. Bb5 g6 4. Bxc6 dxc6 5. d3 Bg7 6. h3 Nf6 7. Nc3 Nd7 8.
Be3 e5 9. Qd2 h6 10. O-O Qe7 11. Nh2 Nf8 12. f4 exf4 13. Rxf4 Be6 14. Rf2 O-O-O
15. Raf1 Nd7 16. Ne2 Ne5 17. Qa5 b6 18. Qa6+ Kb8 19. Nf3 Nxf3+ 20. Rxf3 Rhf8
21. Nf4 Bc8 22. Qa4 Qe8 23. Qb3 Ka8 24. a4 f5 25. exf5 Rxf5 26. g4 Re5 27. Ng2
Be6 28. c4 h5 29. a5 hxg4 30. hxg4 b5 31. a6 Bxg4 32. Rf7 Rd7 33. Rxd7 Bxd7 34.
Bf2 Rf5 35. Re1 Qf7 36. Be3 Bf6 37. Qa3 Bh4 38. Nxh4 1-0

[Event "BL 0405 Stuttgarter Sfr - OSC Baden Bad"]
[Site "?"]
[Date "2005.02.13"]
[Round "11.2"]
[White "Sedlak, Nikola"]
[Black "Svidler, Peter"]
[Result "0-1"]
[WhiteElo "2521"]
[BlackElo "2735"]
[PlyCount "82"]
[EventDate "2005.??.??"]

1. e4 e5 2. Nf3 Nc6 3. Bb5 Nf6 4. d3 d6 5. c3 g6 6. Nbd2 Bg7 7. Nf1 O-O 8. Bg5
Ne7 9. h3 c6 10. Ba4 Nd7 11. g4 Nc5 12. Bc2 Ne6 13. Be3 d5 14. Ng3 dxe4 15.
dxe4 Qc7 16. Ng5 Nf4 17. Bxf4 exf4 18. Nf1 c5 19. Nd2 h6 20. Ngf3 Be6 21. Qe2
b5 22. O-O Nc6 23. Rfe1 Rfe8 24. e5 Bd7 25. Qe4 Nxe5 26. Qxf4 Re6 27. Nxe5 Bxe5
28. Qf3 Rae8 29. Be4 Bf4 30. Nf1 Bc6 31. Bxc6 Rxe1 32. Rxe1 Rxe1 33. Bxb5 Rb1
34. Qe2 Qe5 35. Qc2 Re1 36. Qa4 Qe4 37. Qa6 Be5 38. Qc8+ Kg7 39. Bc6 Qe2 40.
Bg2 Qxb2 41. Qxc5 Bxc3 0-1

[Event "BL 0405 Stuttgarter Sfr - OSC Baden Bad"]
[Site "?"]
[Date "2005.02.13"]
[Round "11.3"]
[White "Vallejo Pons, Francisco"]
[Black "Schmittdiel, Eckhard"]
[Result "1-0"]
[WhiteElo "2678"]
[BlackElo "2454"]
[PlyCount "57"]
[EventDate "2005.??.??"]

1. e4 c5 2. Nf3 Nc6 3. Nc3 e5 4. Bc4 Be7 5. d3 d6 6. O-O Bg4 7. h3 Bh5 8. Nd5
Nf6 9. Ne3 a6 10. a3 Qd7 11. Nf5 Rg8 12. Ng3 Bg6 13. Re1 h6 14. c3 Nh7 15. b4
Bg5 16. Nxg5 Nxg5 17. Rb1 Ne6 18. Be3 b6 19. bxc5 bxc5 20. Rb6 Nc7 21. f4 exf4
22. Bxf4 Rb8 23. Rxb8+ Nxb8 24. Qb3 Ke7 25. Nf5+ Bxf5 26. exf5+ Kf6 27. d4 Nc6
28. dxc5 dxc5 29. Rd1 1-0

[Event "BL 0405 Stuttgarter Sfr - OSC Baden Bad"]
[Site "?"]
[Date "2005.02.13"]
[Round "11.4"]
[White "Reuss, Andreas"]
[Black "Movsesian, Sergei"]
[Result "0-1"]
[WhiteElo "2356"]
[BlackElo "2629"]
[PlyCount "108"]
[EventDate "2005.??.??"]

1. Nf3 Nf6 2. d4 g6 3. Bg5 Bg7 4. c3 O-O 5. Nbd2 d6 6. e3 h6 7. Bh4 Qe8 8. Bc4
e5 9. Qc2 Kh8 10. h3 Nbd7 11. a3 a6 12. Bg3 b6 13. dxe5 dxe5 14. e4 Bb7 15. O-O
Nh5 16. Bh2 f5 17. Nh4 f4 18. b4 Bf6 19. Ndf3 Ng7 20. Rfd1 Rd8 21. Bd5 c6 22.
Bb3 Kh7 23. Rd2 Qe7 24. Rad1 Bc8 25. g3 Nb8 26. Rxd8 Rxd8 27. Rxd8 Qxd8 28. Kg2
Qd7 29. Ng1 Bxh4 30. gxh4 Qe7 31. Qd3 Nd7 32. Qc4 Nf6 33. Qf7 Qxf7 34. Bxf7
Nxe4 35. Nf3 Nf5 36. h5 g5 37. Bg6+ Kg7 38. Bxf5 Bxf5 39. Nxe5 Nxc3 40. f3 c5
41. bxc5 bxc5 42. h4 Kf6 43. Ng4+ Bxg4 44. fxg4 Nd5 45. Bg1 Ne3+ 46. Kf3 c4 47.
hxg5+ Kxg5 48. Bh2 Nd5 49. Bg1 c3 50. Bd4 c2 51. Bb2 Nc7 52. a4 Ne6 53. Ba3
Nd4+ 54. Ke4 f3 0-1

[Event "BL 0405 Stuttgarter Sfr - OSC Baden Bad"]
[Site "?"]
[Date "2005.02.13"]
[Round "11.5"]
[White "Dautov, Rustem"]
[Black "Vuckovic, Aleksandar"]
[Result "1/2-1/2"]
[WhiteElo "2623"]
[BlackElo "2325"]
[PlyCount "158"]
[EventDate "2005.??.??"]

1. d4 Nf6 2. Nf3 e6 3. c4 b6 4. g3 Ba6 5. b3 b5 6. cxb5 Bxb5 7. Bg2 d5 8. Nc3
Ba6 9. b4 Be7 10. O-O O-O 11. Rb1 Nbd7 12. Qa4 Bb7 13. Bf4 Nb6 14. Qb3 Nh5 15.
Bc1 a5 16. b5 a4 17. Qc2 c6 18. bxc6 Bxc6 19. Ne5 Be8 20. Bf3 Nf6 21. Qb2 Rb8
22. Bf4 Bd6 23. Qd2 Rc8 24. Qd3 Nc4 25. Nxc4 Rxc4 26. Bxd6 Qxd6 27. Nd1 Rc7 28.
Ne3 Bd7 29. Rfc1 Rfc8 30. Rc2 h6 31. Rbb2 Rxc2 32. Nxc2 Qc6 33. Ne1 Qc1 34. Rb1
Qc6 35. Rb2 Qc4 36. Rb1 Qc6 37. Kg2 Qd6 38. Qe3 Qa6 39. Nd3 Qc4 40. Nb4 Bb5 41.
Rb2 Bd7 42. Nd3 Qc3 43. Rb7 Rc7 44. Rb8+ Rc8 45. Rb7 Rc7 46. Rb8+ Rc8 47. Qe5
Rxb8 48. Qxb8+ Be8 49. Qb4 Qxb4 50. Nxb4 Bb5 51. Kf1 Ne8 52. Ke1 Nd6 53. e3 Kf8
54. Be2 Ke7 55. Bxb5 Nxb5 56. Kd2 Kd6 57. Nd3 f6 58. Nb2 a3 59. Na4 e5 60. Nc3
Nc7 61. Kc2 exd4 62. exd4 Kc6 63. Kb3 Ne6 64. Ne2 Kb5 65. Kxa3 Kc4 66. Kb2 f5
67. Kc2 g5 68. f4 g4 69. Kd2 Nd8 70. Ke3 Nc6 71. a4 Kb3 72. Nc1+ Kxa4 73. Nd3
Kb3 74. Ne5 Ne7 75. Kd3 Kb2 76. Kd2 Kb3 77. Kd3 Kb2 78. Nf7 Ng8 79. Nd6 Ne7
1/2-1/2

[Event "BL 0405 Stuttgarter Sfr - OSC Baden Bad"]
[Site "?"]
[Date "2005.02.13"]
[Round "11.6"]
[White "Lorscheid, Gerhard"]
[Black "Jobava, Baadur"]
[Result "0-1"]
[WhiteElo "2274"]
[BlackElo "2614"]
[PlyCount "56"]
[EventDate "2005.??.??"]

1. d4 Nf6 2. c4 e6 3. Nc3 Bb4 4. e3 O-O 5. Nge2 d5 6. a3 Be7 7. cxd5 Nxd5 8.
Qc2 Nd7 9. g3 Nxc3 10. bxc3 b5 11. Bg2 Rb8 12. a4 b4 13. cxb4 Bxb4+ 14. Bd2 c5
15. O-O Ba6 16. Rfe1 Qa5 17. Rad1 Rfc8 18. d5 exd5 19. Bxd5 Ne5 20. Nf4 Bxd2
21. Rxd2 c4 22. Red1 g6 23. Be4 c3 24. Rd5 Qc7 25. Rc1 Rb2 26. Qd1 c2 27. Qe1
Bb7 28. Qe2 Rb1 0-1

[Event "BL 0405 Stuttgarter Sfr - OSC Baden Bad"]
[Site "?"]
[Date "2005.02.13"]
[Round "11.7"]
[White "Schlosser, Philipp"]
[Black "Haas, Wilhelm"]
[Result "1-0"]
[WhiteElo "2570"]
[BlackElo "2181"]
[PlyCount "100"]
[EventDate "2005.??.??"]

1. e4 c5 2. Nf3 d6 3. d4 cxd4 4. Nxd4 Nf6 5. Nc3 g6 6. g3 Bg7 7. Bg2 O-O 8. h3
Nc6 9. Be3 Bd7 10. O-O Rc8 11. Nde2 a6 12. a4 Ne5 13. b3 Bc6 14. a5 Ned7 15.
Nd4 Ne8 16. Qd2 Qc7 17. Ra2 e5 18. Nde2 Kh8 19. Nd5 Bxd5 20. exd5 f5 21. c4
Nef6 22. Rc2 Ne4 23. Bxe4 fxe4 24. Nc3 Nf6 25. Ra2 Qd7 26. Kh2 h5 27. Bg5 Nh7
28. Nxe4 Rf3 29. Be3 h4 30. g4 Rcf8 31. Qe2 Kg8 32. Kg2 R3f7 33. f3 Rc8 34. Qe1
Qe7 35. g5 Rf5 36. Qxh4 Kf7 37. Ng3 Nf8 38. Qg4 Qd7 39. h4 Rf4 40. Bxf4 exf4
41. Qxf4+ Kg8 42. Re1 Be5 43. Qg4 Qxg4 44. fxg4 Nd7 45. Ne4 Nc5 46. Nxc5 Rxc5
47. Rxe5 dxe5 48. Kf3 Rc7 49. Ke4 Rf7 50. Kxe5 Re7+ 1-0

[Event "BL 0405 Stuttgarter Sfr - OSC Baden Bad"]
[Site "?"]
[Date "2005.02.13"]
[Round "11.8"]
[White "Schmid, Wolfgang"]
[Black "Doettling, Fabian"]
[Result "0-1"]
[WhiteElo "2236"]
[BlackElo "2526"]
[PlyCount "142"]
[EventDate "2005.??.??"]

1. e4 c6 2. d4 d5 3. Nc3 dxe4 4. Nxe4 Bf5 5. Ng3 Bg6 6. Nf3 Nd7 7. h4 h6 8. h5
Bh7 9. Bd3 Bxd3 10. Qxd3 e6 11. Bd2 Ngf6 12. O-O-O Be7 13. Kb1 O-O 14. Ne4 c5
15. c4 cxd4 16. Qxd4 Qc7 17. Bc3 Rfd8 18. Nfd2 Nb6 19. Qe3 Nxe4 20. Qxe4 Rac8
21. Qg4 Bg5 22. Rhe1 Nd7 23. Qe2 Bf6 24. Rc1 Bxc3 25. Rxc3 Nf6 26. Ne4 Nxe4 27.
Qxe4 Rd2 28. Qe3 Rcd8 29. Rec1 a6 30. g3 Qc6 31. f3 Rh2 32. g4 Rdd2 33. Rb3 Qd7
34. a3 Rhe2 35. Qc3 Rf2 36. Qb4 Rd1 37. Rbc3 Rxc1+ 38. Rxc1 Rxf3 39. c5 Qd5 40.
Qa4 Qd3+ 41. Ka1 Rf1 42. Rxf1 Qxf1+ 43. Ka2 Qf3 44. Qe8+ Kh7 45. b4 Qd5+ 46.
Kb2 e5 47. Qe7 e4 48. Qd6 Qg5 49. Qd7 Qf6+ 50. Kc2 Qf2+ 51. Kd1 Qf1+ 52. Kd2
Qf2+ 53. Kd1 Qf3+ 54. Ke1 Qe3+ 55. Kd1 Qg1+ 56. Ke2 Qg2+ 57. Ke1 Qh1+ 58. Ke2
Qf3+ 59. Ke1 g6 60. Qxb7 gxh5 61. gxh5 Qh1+ 62. Ke2 Qxh5+ 63. Ke3 Qf3+ 64. Kd4
Qf2+ 65. Kc4 e3 66. Qe4+ f5 67. Qe8 Kg7 68. Qe7+ Kg6 69. Qd6+ Kh5 70. Qd4 Qa2+
71. Kd3 Qd2+ 0-1

[Event "BL 0405 TV Tegernsee - SC Eppingen"]
[Site "?"]
[Date "2005.02.13"]
[Round "11.1"]
[White "Gyimesi, Zoltan"]
[Black "Khenkin, Igor"]
[Result "1/2-1/2"]
[WhiteElo "2613"]
[BlackElo "2587"]
[PlyCount "30"]
[EventDate "2005.??.??"]

1. d4 d5 2. c4 e6 3. Nf3 Nf6 4. Nc3 Bb4 5. cxd5 exd5 6. Bg5 h6 7. Bh4 g5 8. Bg3
Ne4 9. Nd2 Nxc3 10. bxc3 Bxc3 11. Rc1 Bb2 12. Bxc7 Qd7 13. Rb1 Bc3 14. Bxb8
Rxb8 15. e3 O-O 1/2-1/2

[Event "BL 0405 TV Tegernsee - SC Eppingen"]
[Site "?"]
[Date "2005.02.13"]
[Round "11.2"]
[White "Sokolov, Andrei"]
[Black "Acs, Peter"]
[Result "1/2-1/2"]
[WhiteElo "2591"]
[BlackElo "2521"]
[PlyCount "54"]
[EventDate "2005.??.??"]

1. e4 e5 2. Nf3 Nc6 3. Bb5 a6 4. Ba4 Nf6 5. O-O Be7 6. Re1 b5 7. Bb3 d6 8. c3
O-O 9. h3 Na5 10. Bc2 c5 11. d4 Nd7 12. dxc5 dxc5 13. Nbd2 Bb7 14. Nh2 Bg5 15.
Ng4 Qe7 16. Nf3 Bxc1 17. Qxc1 Nc4 18. Nd2 Nd6 19. a4 c4 20. axb5 axb5 21. b3
cxb3 22. Bxb3 Nc5 23. Bc2 Qg5 24. Rxa8 Rxa8 25. Qd1 Qe7 26. Qb1 f6 27. Ne3 Qc7
1/2-1/2

[Event "BL 0405 TV Tegernsee - SC Eppingen"]
[Site "?"]
[Date "2005.02.13"]
[Round "11.3"]
[White "Medvegy, Zoltan"]
[Black "Bischoff, Klaus"]
[Result "1/2-1/2"]
[WhiteElo "2467"]
[BlackElo "2559"]
[PlyCount "30"]
[EventDate "2005.??.??"]

1. e4 c5 2. Nf3 d6 3. d4 Nf6 4. Nc3 cxd4 5. Nxd4 a6 6. Be3 e5 7. Nf3 h6 8. Bc4
Be7 9. O-O O-O 10. Nh4 Be6 11. Bb3 Nc6 12. Nf5 Rc8 13. Qf3 Bxf5 14. exf5 Na5
15. Rad1 Nxb3 1/2-1/2

[Event "BL 0405 TV Tegernsee - SC Eppingen"]
[Site "?"]
[Date "2005.02.13"]
[Round "11.4"]
[White "Boensch, Uwe"]
[Black "Braun, Arik"]
[Result "1-0"]
[WhiteElo "2540"]
[BlackElo "2480"]
[PlyCount "89"]
[EventDate "2005.??.??"]

1. d4 d5 2. c4 c6 3. e3 Nf6 4. Nf3 Bg4 5. h3 Bxf3 6. Qxf3 e6 7. Bd3 Nbd7 8. O-O
Be7 9. Nc3 O-O 10. Rd1 h6 11. Bd2 Re8 12. Rac1 Rc8 13. Be1 a6 14. Qe2 Qc7 15.
a3 Qb8 16. Rb1 b5 17. cxd5 cxd5 18. a4 b4 19. Na2 a5 20. Nc1 Rc7 21. Nb3 Qb6
22. Rbc1 Rec8 23. Rxc7 Rxc7 24. f3 Qa7 25. Bg3 Rc8 26. Ba6 Rc6 27. Bb5 Rc8 28.
Rc1 Rxc1+ 29. Nxc1 Bd8 30. Qc2 Qb7 31. Nb3 Bb6 32. Kf1 Qa8 33. Ke2 Qb7 34. Bh2
Nb8 35. Kd3 Nfd7 36. Bd6 g6 37. g4 Kg7 38. h4 Bd8 39. h5 g5 40. Kd2 Qb6 41. Bg3
Qb7 42. Nc5 Nxc5 43. Qxc5 Na6 44. Qd6 Bb6 45. Bxa6 1-0

[Event "BL 0405 TV Tegernsee - SC Eppingen"]
[Site "?"]
[Date "2005.02.13"]
[Round "11.5"]
[White "Mann, Christian"]
[Black "Kindermann, Stefan"]
[Result "1/2-1/2"]
[WhiteElo "2455"]
[BlackElo "2536"]
[PlyCount "70"]
[EventDate "2005.??.??"]

1. g3 d5 2. Bg2 e5 3. c4 c6 4. cxd5 cxd5 5. d4 e4 6. Nc3 Nc6 7. f3 exf3 8. Nxf3
Nf6 9. Ne5 Be6 10. Nxc6 bxc6 11. Qa4 Qb6 12. Bg5 Be7 13. Bxf6 Bxf6 14. Nxd5
Bxd5 15. Bxd5 O-O 16. Bxc6 Rad8 17. d5 Bxb2 18. Rd1 Rd6 19. Rd3 Qc5 20. Rf1
Bc3+ 21. Kd1 Rb8 22. Qc2 Rb2 23. Qxc3 Rb1+ 24. Kd2 Qxc3+ 25. Rxc3 Rxf1 26. Ra3
h5 27. Rxa7 Rh1 28. a4 Rxh2 29. a5 Rh1 30. Kd3 Rc1 31. Ke4 Rc5 32. a6 Rcxc6 33.
dxc6 Rxc6 34. Ra8+ Kh7 35. Rf8 Rxa6 1/2-1/2

[Event "BL 0405 TV Tegernsee - SC Eppingen"]
[Site "?"]
[Date "2005.02.13"]
[Round "11.7"]
[White "Miltner, Arndt"]
[Black "Teske, Henrik"]
[Result "1/2-1/2"]
[WhiteElo "2402"]
[BlackElo "2538"]
[PlyCount "69"]
[EventDate "2005.??.??"]

1. Nf3 c5 2. c3 Nf6 3. d3 d5 4. Nbd2 Nc6 5. e4 g6 6. Be2 Bg7 7. O-O O-O 8. Re1
e5 9. a3 a5 10. a4 h6 11. exd5 Nxd5 12. Nc4 Qc7 13. Bf1 Rd8 14. h3 Nb6 15. Nxb6
Qxb6 16. Nd2 Be6 17. Qf3 f5 18. Nc4 Qc7 19. Qg3 Bxc4 20. dxc4 Rd6 21. f4 e4 22.
Be3 b6 23. Rad1 Rad8 24. Be2 Kh7 25. Rxd6 Rxd6 26. Rd1 Rxd1+ 27. Bxd1 Qd7 28.
Qe1 Bf6 29. Qd2 Qxd2 30. Bxd2 Kg7 31. g3 Kf7 32. h4 Nd8 33. h5 Ne6 34. hxg6+
Kxg6 35. Kg2 1/2-1/2

[Event "BL 0405 TV Tegernsee - SC Eppingen"]
[Site "?"]
[Date "2005.02.13"]
[Round "11.8"]
[White "Gross, David"]
[Black "Rau, Hannes"]
[Result "1/2-1/2"]
[WhiteElo "2465"]
[BlackElo "2384"]
[PlyCount "83"]
[EventDate "2005.??.??"]

1. e4 c5 2. Nf3 d6 3. d4 cxd4 4. Nxd4 Nf6 5. Nc3 Nc6 6. Bg5 e6 7. Qd2 a6 8.
O-O-O h6 9. Be3 Bd7 10. f3 b5 11. Nxc6 Bxc6 12. Qf2 Qc7 13. Kb1 Be7 14. Bd3 Nd7
15. Rhe1 Ne5 16. Bd4 Nxd3 17. cxd3 b4 18. Ne2 e5 19. Be3 O-O 20. Ng3 Bd7 21.
Nh5 Kh7 22. g4 Be6 23. d4 g6 24. Ng3 exd4 25. Bxd4 Rfc8 26. Rc1 Qa5 27. b3 Qb5
28. Qe2 Qd7 29. Rxc8 Qxc8 30. Qd3 Qd8 31. f4 Bxg4 32. f5 Bf6 33. Rf1 g5 34. Qc4
Bxd4 35. Qxd4 Qc7 36. e5 Bh3 37. exd6 Qa7 38. Qxa7 Rxa7 39. Rd1 Rd7 40. Rd4 a5
41. Kb2 Kg7 42. Nh5+ 1/2-1/2

[Event "BL 0405 Solinger SG- Hamburger SK"]
[Site "?"]
[Date "2005.02.12"]
[Round "10.2"]
[White "Stellwagen, Daniel"]
[Black "Ftacnik, Lubomir"]
[Result "0-1"]
[WhiteElo "2512"]
[BlackElo "2533"]
[PlyCount "128"]
[EventDate "2005.??.??"]

1. e4 c5 2. Nf3 d6 3. d4 cxd4 4. Nxd4 Nf6 5. Nc3 a6 6. Bc4 e6 7. Bb3 Nbd7 8. f4
Nc5 9. O-O b5 10. e5 dxe5 11. fxe5 Nxb3 12. axb3 Bc5 13. Be3 Nd5 14. Bf2 Nxc3
15. bxc3 Bb7 16. Qg4 Qd5 17. c4 bxc4 18. Ra5 h5 19. Qg5 Be7 20. Qxg7 Bf8 21.
Rxd5 Bxg7 22. Ra5 cxb3 23. Nxb3 Bd5 24. Re1 Rg8 25. g3 h4 26. Nc5 hxg3 27. Bxg3
Bf8 28. Rb1 Rg4 29. Rb6 Be7 30. Nb7 Kf8 31. Ra1 Bb4 32. Ra4 a5 33. c3 Bb3 34.
cxb4 Bxa4 35. bxa5 Rc4 36. Nd6 Rc1+ 37. Kf2 Bc6 38. a6 Bd5 39. Bh4 Rc6 40. Rxc6
Bxc6 41. Bf6 Rxa6 42. Kg3 Ra3+ 43. Kg4 Kg8 44. h4 Bf3+ 45. Kf4 Rb3 46. Kg5 Kh7
47. Nxf7 Rb4 48. Nh6 Bd1 49. Bd8 Re4 50. Bf6 Rd4 51. h5 Re4 52. Be7 Re2 53. Nf7
Kg7 54. Nd8 Rxe5+ 55. Kf4 Rxh5 56. Bg5 e5+ 57. Kf5 Bc2+ 58. Kg4 Kg6 59. Be3
Bf5+ 60. Kf3 Bd7 61. Ke4 Kf6 62. Kd5 Rh3 63. Bb6 Rd3+ 64. Kc4 e4 0-1

[Event "BL 0405 Solinger SG- Hamburger SK"]
[Site "?"]
[Date "2005.02.12"]
[Round "10.3"]
[White "Hansen, Sune Berg"]
[Black "Gabriel, Christian"]
[Result "1-0"]
[WhiteElo "2551"]
[BlackElo "2556"]
[PlyCount "81"]
[EventDate "2005.??.??"]

1. e4 e5 2. Nf3 Nc6 3. Bb5 a6 4. Ba4 Nf6 5. d3 d6 6. c3 g6 7. Nbd2 b5 8. Bc2
Bg7 9. O-O O-O 10. Re1 Bb7 11. a4 Qd7 12. h3 Rfe8 13. b4 Nd8 14. Nb3 Rc8 15.
Be3 Ne6 16. axb5 axb5 17. Ra7 Bc6 18. Na5 Ra8 19. Nxc6 Qxc6 20. Rxa8 Qxa8 21.
Qb1 d5 22. Bd2 Nd7 23. Bb3 c6 24. exd5 cxd5 25. c4 Nc7 26. cxd5 Nxd5 27. h4
N7b6 28. h5 gxh5 29. Ng5 h6 30. Ne4 Re6 31. Qd1 h4 32. Qh5 Qd8 33. Nc5 Rg6 34.
Re4 Kh7 35. Rxh4 f5 36. Rh3 Qc8 37. Rf3 f4 38. d4 Rg5 39. Qf7 Nf6 40. Ne6 Rg6
41. Nxg7 1-0